1373 1729 1891 1512 1789 1765 1410 1794 1380 1444 1939 1497 1329 1676 1979 1444 1409 1233 1425 1604 1467 1950 1501 1491 1416 1290 1623 1632 1370 1497 1833 1701 1113 1541 1679 1753 1512 1023 1445 1895 1448 1215 1973 1023 1155 1692 1462 1229 1325 1113 1916 1149 1569 1442 1687 1875 1522 1206 1938 1837 1751 1080 1921 1788 1081 1249 1768 1425 1571 1351 1203 1393 1315 1219 1830 1344 1585 1794 1736 1751 1482 1814 1398 1588 1104 1226 1163 1032 1218 1731 1307 1630 1500 1397 1004 1053 1147 1737 1105 BCNSPRNW ULIB Ver.6.0+V

เปลี่ยนเป็นภาษาไทย

Change to English
 แสดงรายละเอียดบรรณานุกรม
  กลับหน้าหลัก

Brief Record : Get Marc (ISO 2709) : E-mail record : QR code < ปิดหน้าต่าง
LEADER : 00000nam 2200000uu 4500
001    13399124563
003     ULIB
008    150923s2558||||th 000 0 tha d
020    ^a9786163825452
060  4 ^aWY200 ด429ก
100    ^aดารุณี จงอุดมการณ์
245    ^aการพยาบาลสุขภาพครอบครัว : แนวคิดทฤษฎีและการประยุกต์ใช้ในครอบครัวระยะวิกฤต
250    ^aพิมพ์ครั้งที่ 2
260    ^aขอนแก่น :^bคณะพยาบาลศาสตร์ มหาวิทยาลัยขอนแก่น,^c2558
300    ^a306 หน้า^bภาพประกอบ
650  7 ^aการพยาบาลครอบครัว
650  7 ^aครอบครัว^xระยะวิกฤต
945    ^p480^l0^i039866
945    ^p480^l0^i039865
945    ^p480^l0^i039864
945    ^p480^l0^i039863
945    ^p480^l0^i039862
945    ^p480^l0^i039861
945    ^p480^l0^i039860
945    ^p480^l0^i039859
945    ^p480^l0^i039858
945    ^p480^l0^i039857
999    ^aเกษร โพธิ์สุวรรณ
รายการนี้ยังไม่มีแท็ก
คุณยังไม่ได้ล็อกอิน คุณสามารถมีกิจกรรมร่วมกับเว็บไซต์ได้ แต่ต้องล็อกอินก่อน ::
  ล็อกอิน

รายการสื่อสารสนเทศ

ลำดับที่ ประเภท เลขเรียก/บาร์โค้ด สถานที่ สถานะ
1. Book การพยาบาล
Book การพยาบาล
สถานะ=หนังสือเก่า
WY200 ด429ก ฉ.1 
  Barcode: 039857
ห้องสมุดวิทยาเขตสวรรค์ประชารักษ์
►ส่วนจัดเก็บหนังสือเก่า สปร
บนชั้น
  ขอยืม
2. Book การพยาบาล
Book การพยาบาล
สถานะ=หนังสือเก่า
WY200 ด429ก ฉ.10 
  Barcode: 039866
ห้องสมุดวิทยาเขตสวรรค์ประชารักษ์
►ส่วนจัดเก็บหนังสือเก่า สปร
บนชั้น
  ขอยืม
3. Book การพยาบาล
Book การพยาบาล
สถานะ=หนังสือเก่า
WY200 ด429ก ฉ.2 
  Barcode: 039858
ห้องสมุดวิทยาเขตสวรรค์ประชารักษ์
►ส่วนจัดเก็บหนังสือเก่า สปร
บนชั้น
  ขอยืม
4. Book การพยาบาล
Book การพยาบาล
สถานะ=หนังสือเก่า
WY200 ด429ก ฉ.3 
  Barcode: 039859
ห้องสมุดวิทยาเขตสวรรค์ประชารักษ์
►ส่วนจัดเก็บหนังสือเก่า สปร
บนชั้น
  ขอยืม
5. Book การพยาบาล
Book การพยาบาล
สถานะ=หนังสือเก่า
WY200 ด429ก ฉ.4 
  Barcode: 039860
ห้องสมุดวิทยาเขตสวรรค์ประชารักษ์
►ส่วนจัดเก็บหนังสือเก่า สปร
บนชั้น
  ขอยืม
6. Book การพยาบาล
Book การพยาบาล
สถานะ=หนังสือเก่า
WY200 ด429ก ฉ.5 
  Barcode: 039861
ห้องสมุดวิทยาเขตสวรรค์ประชารักษ์
►ส่วนจัดเก็บหนังสือเก่า สปร
บนชั้น
  ขอยืม
7. Book การพยาบาล
Book การพยาบาล
สถานะ=หนังสือเก่า
WY200 ด429ก ฉ.6 
  Barcode: 039862
ห้องสมุดวิทยาเขตสวรรค์ประชารักษ์
►ส่วนจัดเก็บหนังสือเก่า สปร
บนชั้น
  ขอยืม
8. Book การพยาบาล
Book การพยาบาล
สถานะ=หนังสือเก่า
WY200 ด429ก ฉ.7 
  Barcode: 039863
ห้องสมุดวิทยาเขตสวรรค์ประชารักษ์
►ส่วนจัดเก็บหนังสือเก่า สปร
บนชั้น
  ขอยืม
9. Book การพยาบาล
Book การพยาบาล
สถานะ=หนังสือเก่า
WY200 ด429ก ฉ.8 
  Barcode: 039864
ห้องสมุดวิทยาเขตสวรรค์ประชารักษ์
►ส่วนจัดเก็บหนังสือเก่า สปร
บนชั้น
  ขอยืม
10. Book การพยาบาล
Book การพยาบาล
WY200 ด429ก ฉ.9 
  Barcode: 039865
ห้องสมุดวิทยาเขตสวรรค์ประชารักษ์
►หนังสือทั่วไป
บนชั้น

รายการใกล้เคียง
    ชื่อเรื่อง [การพยาบาลสุขภาพครอบครัว : แนวคิดทฤษฎีและการประยุกต์ใช้ในครอบครัวระยะวิกฤต]

    ผู้แต่ง [ดารุณี จงอุดมการณ์]

    หัวเรื่อง [การพยาบาลครอบครัว]

BibComment


ยังไม่เคยถูกคอมเมนท์

คอมเมนท์ทรัพยากรรายการนี้
  คอมเมนท์: การพยาบาลสุขภาพค..


 Copyright 2026. Bcnsprnw @Library